The Singapore surrender : the greatest diasater in British Militany history

Bibliographic Details
Main Author: Mant, Gilbert
Format: Book
Published: Kuala Lumpur : S.A Majeed , 19-
Subjects:

MARC

LEADER 00000cam a2200000 7i4500
001 0000003079
002 000003332
005 20000330.0
020 |a 9838991589 
090 0 0 |a 959.5709   |b MAN 
100 1 |a Mant, Gilbert 
245 1 4 |a The Singapore surrender :   |b the greatest diasater in British Militany history   |c Gilbert Mant 
260 |a Kuala Lumpur :   |b S.A Majeed ,   |c 19- 
300 |a 229p. ;   |c 20cm. 
650 0 0 |a Japanese occupation   |z Singapore 
999 |a 00153569   |b BUKU   |c MALAYSIANA   |e PERPUSTAKAAN KOMUNITI PETALING JAYA 
999 |a 036636   |b BUKU   |c MALAYSIANA   |e PERPUSTAKAAN KOMUNITI PETALING JAYA